| 000 | 00000nam##2200000za#4500 |
| 001 | 9.590622 |
| 003 | CaOODSP |
| 005 | 20210624200220 |
| 007 | cr ||||||||||| |
| 008 | 150406|2015||||xxc|||||o f|0| 0 fre|d |
| 040 | |aCaOODSP|bfre |
| 041 | |aeng |
| 041 | |afre |
| 043 | |an-cn--- |
| 086 | 1 |aYX4-2015/3-PDF |
| 110 | 1 |aCanada.|bStatuts. |
| 245 | 10|aLoi visant à corriger des anomalies, contradictions ou erreurs relevées dans les Lois du Canada et à y apporter d'autres modifications mineures et non controversables ainsi qu'à abroger certaines dispositions ayant cessé d'avoir effet |h[ressource électronique] |
| 246 | 1 |iTitre abrégé : |aLoi corrective de 2014 |
| 260 | |aOttawa - Ontario : |bStatuts |cSanctionnée le 26 février 2015, Projet de loi C-47, deuxième session, 41e législature. |
| 300 | |a60p. |
| 490 | 1 |aLois du Canada ..., chapitre ... |vLois du Canada (2015), chapitre 3 |
| 590 | |a15-10|b2015-03-06 |
| 791 | |tAn Act to correct certain anomalies, inconsistencies and errors and to deal with other matters of a non-controversial and uncomplicated nature in the Statutes of Canada and to repeal certain provisions that have expired, lapsed or otherwise ceased to have effect |eeng|w(CaOODSP)9.590621 |
| 830 | #0|aLois du Canada ..., chapitre ...|vLois du Canada (2015), chapitre 3|w(CaOODSP)9.500678 |
| 856 | 40|ahttp://publications.gc.ca|qPDF|s287 Ko|uhttps://publications.gc.ca/collections/collection_2015/lois-statutes/YX4-2015-3.pdf|yLois du Canada (2015), chapitre 3 |